000
002560000a22001330004500
005
20120302060644.0
942
_c
BOOK
245
_a
Geet Panchadashi
300
_a
96p.
040
_a
MAR
650
_a
Saahitya
650
_a
Geet
650
_a
Panchadashi
999
_c
351793
_d
351790